MARC

LEADER 00000nam0a2200000 4500
001 28858
005 20231101205857.0
035 |a (RuTPU)RU\TPU\book\29116 
035 |a BOOK00029191 
090 |a 28858 
100 |a 20011209d1992 m y0rusy50 ca 
101 0 |a rus 
102 |a RU 
105 |a a j 001zy 
200 1 |a Теория ковки и штамповки  |e учебное пособие  |f под ред. Е. П. Унксова, А. Г. Овчинникова 
205 |a 2-е изд., перераб. и доп. 
210 |a Москва  |c Машиностроение  |d 1992 
215 |a 719 с.  |c ил. 
320 |a Библиогр. в конце глав 
320 |a Предм. указ.: с. 710-713 
606 1 |a Кузнечно-штамповочное производство  |2 stltpush  |3 (RuTPU)RU\TPU\subj\16645  |9 42597 
610 1 |a ковка 
610 1 |a штамповка 
610 1 |a металлы 
610 1 |a пластическая деформация 
610 1 |a учебные пособия 
610 1 |a обработка давлением 
675 |a 621.735(075.8)  |v 4 
702 1 |a Унксов  |b Е. П.  |g Евгений Павлович 
702 1 |a Овчинников  |b А. Г 
801 0 |a RU  |b 63413507  |c 20011209  |g PSBO 
801 2 |a RU  |b 63413507  |c 20190529  |g PSBO 
942 |c BK